000
00326nam a2200145Ia 4500
008
191201s1986 xx 000 0 und d
082
_a
620.1
_b
DIM
100
_a
DIETER, George E
245
0
_a
Mechanical Metallurgy
250
_a
1st
260
_a
New York
_b
MGH
_c
1986
300
_a
751
650
_a
Applied
942
_2
ddc
_c
BK
999
_c
589
_d
589